000 00303nam a2200121Ia 4500
008 220216s9999 xx 000 0 und d
100 _aThomas V
245 0 _aRubber sheetile pooppal neekkan upakaranam
260 _bKarshakasree
_c2009
300 _a23
650 _aSheet cleaning device
942 _cBS
999 _c51127
_d51127